<?xml version="1.0" encoding="UTF-8"?>
<collection xmlns="http://www.loc.gov/MARC21/slim">
 <record>
  <leader>01850nam a2200217Ia 4500</leader>
  <controlfield tag="001">CTU_164535</controlfield>
  <controlfield tag="008">210402s9999    xx            000 0 und d</controlfield>
  <datafield tag="020" ind1=" " ind2=" ">
   <subfield code="c">47.50</subfield>
  </datafield>
  <datafield tag="082" ind1=" " ind2=" ">
   <subfield code="a">658.3124</subfield>
  </datafield>
  <datafield tag="082" ind1=" " ind2=" ">
   <subfield code="b">F172</subfield>
  </datafield>
  <datafield tag="100" ind1=" " ind2=" ">
   <subfield code="a">Fairley, Stephen G.</subfield>
  </datafield>
  <datafield tag="245" ind1=" " ind2="4">
   <subfield code="a">The business coaching toolkit :</subfield>
  </datafield>
  <datafield tag="245" ind1=" " ind2="0">
   <subfield code="b">Top ten strategies for solving the toughest dilemmas facing organizations</subfield>
  </datafield>
  <datafield tag="245" ind1=" " ind2="0">
   <subfield code="c">Stephen Fairley, Bill Zipp</subfield>
  </datafield>
  <datafield tag="260" ind1=" " ind2=" ">
   <subfield code="a">Hoboken, N.J.</subfield>
  </datafield>
  <datafield tag="260" ind1=" " ind2=" ">
   <subfield code="b">Wiley</subfield>
  </datafield>
  <datafield tag="260" ind1=" " ind2=" ">
   <subfield code="c">2008</subfield>
  </datafield>
  <datafield tag="520" ind1=" " ind2=" ">
   <subfield code="a">Increasingly, organizations are tapping into the benefits of bringing in an executive coach to help their businesses and employees achieve higher levels of success, build team proficiency, or improve employee performance; Easy to follow and apply, The Business Coaching Toolkit equips professional coaches with ten time-tested coaching techniques, providing step-by-step guidance on how and when to utilize each tool to maximize change and produce measurable results. Extensively used and perfected in a wide variety of settings, the featured tools are drawn both from the authors' own experiences as well as those of other accomplished business coaches and consultants and are designed to strengthen the coaching professional's skill set; Written for professional business coaches and consultants, professional speakers and trainers, internal coaches, and managers and executive leaders, The Business Coaching Toolkit can be used in one-on-one coaching relationships, manager-to-employee contexts, or in-group settings. This extraordinary guide enables readers to create a structured program with powerful application tools to build teams, cast vision, master priorities, and become more effective, inspired, and productive coaches.</subfield>
  </datafield>
  <datafield tag="650" ind1=" " ind2=" ">
   <subfield code="a">Executive coaching</subfield>
  </datafield>
  <datafield tag="904" ind1=" " ind2=" ">
   <subfield code="i">Giang</subfield>
  </datafield>
  <datafield tag="980" ind1=" " ind2=" ">
   <subfield code="a">Trung tâm Học liệu Trường Đại học Cần Thơ</subfield>
  </datafield>
 </record>
</collection>
<br />
<b>Notice</b>:  fwrite(): write of 436 bytes failed with errno=28 No space left on device in <b>C:\vufind\module\VuFind\src\VuFind\Session\File.php</b> on line <b>152</b><br />
Cannot write session to C:\Windows\TEMP\vufind_sessions/sess_tdkrost5ad4l7so5m84i20g7eu
<br />
<b>Warning</b>:  session_write_close(): Failed to write session data using user defined save handler. (session.save_path: \xampp\tmp) in <b>C:\vufind\vendor\laminas\laminas-session\src\SessionManager.php</b> on line <b>235</b><br />
